Work-life balance issues among managers working in hotels in selected areas of Cavite / (Record no. 4526)
[ view plain ]
| 000 -LEADER | |
|---|---|
| fixed length control field | 01408nam a22003017a 4500 |
| 003 - CONTROL NUMBER IDENTIFIER | |
| control field | OSt |
| 005 - DATE AND TIME OF LATEST TRANSACTION | |
| control field | 20260116211814.0 |
| 008 - FIXED-LENGTH DATA ELEMENTS--GENERAL INFORMATION | |
| fixed length control field | 260116b ||||| |||| 00| 0 eng d |
| 040 ## - CATALOGING SOURCE | |
| Language of cataloging | English. |
| Transcribing agency | CvSU-CCAT Campus Library. |
| Description conventions | rda. |
| 050 ## - LIBRARY OF CONGRESS CALL NUMBER | |
| Classification number | UM TX 911.3.M27 |
| Item number | H43 2022 |
| 100 ## - MAIN ENTRY--PERSONAL NAME | |
| Personal name | Hebron, Allyssa R., author. |
| 9 (RLIN) | 17853 |
| 245 ## - TITLE STATEMENT | |
| Title | Work-life balance issues among managers working in hotels in selected areas of Cavite / |
| Statement of responsibility, etc. | Allyssa R. Hebron, Sheena Jane M. Navalta. |
| 260 ## - PUBLICATION, DISTRIBUTION, ETC. | |
| Place of publication, distribution, etc. | Rosario, Cavite : |
| Name of publisher, distributor, etc. | Cavite State University-CCAT Campus, |
| Date of publication, distribution, etc. | 2022. |
| 300 ## - PHYSICAL DESCRIPTION | |
| Extent | x, 73 leaves : |
| Other physical details | illustrations ; |
| Dimensions | 28 cm |
| 500 ## - GENERAL NOTE | |
| General note | Undergraduate Thesis (BSHM) -- Cavite State University-CCAT Campus, 2022. |
| 504 ## - BIBLIOGRAPHY, ETC. NOTE | |
| Bibliography, etc. note | Includes bibliographical references and appendices. |
| 546 ## - LANGUAGE NOTE | |
| Language note | In English text |
| 650 ## - SUBJECT ADDED ENTRY--TOPICAL TERM | |
| Topical term or geographic name entry element | Work-life balance -- Philippines -- Cavite. |
| 9 (RLIN) | 17854 |
| 650 ## - SUBJECT ADDED ENTRY--TOPICAL TERM | |
| Topical term or geographic name entry element | Hotel managers -- Philippines -- Cavite. |
| 9 (RLIN) | 17855 |
| 650 ## - SUBJECT ADDED ENTRY--TOPICAL TERM | |
| Topical term or geographic name entry element | Hospitality industry -- Management -- Philippines. |
| 9 (RLIN) | 17661 |
| 650 ## - SUBJECT ADDED ENTRY--TOPICAL TERM | |
| Topical term or geographic name entry element | Personal management -- Philippines. |
| 9 (RLIN) | 11214 |
| 650 ## - SUBJECT ADDED ENTRY--TOPICAL TERM | |
| Topical term or geographic name entry element | Cavite (Philippines) -- Economic condition. |
| 9 (RLIN) | 17856 |
| 700 ## - ADDED ENTRY--PERSONAL NAME | |
| Personal name | Navalta, Sheena Jane M., author. |
| 9 (RLIN) | 17857 |
| 700 ## - ADDED ENTRY--PERSONAL NAME | |
| Personal name | Arabit, Michelle Alexandra A., adviser. |
| 9 (RLIN) | 9062 |
| 700 ## - ADDED ENTRY--PERSONAL NAME | |
| Personal name | Villa, John Leo-vy P., technical critic. |
| 9 (RLIN) | 9055 |
| 942 ## - ADDED ENTRY ELEMENTS (KOHA) | |
| Source of classification or shelving scheme | Library of Congress Classification |
| Koha item type | Thesis/Manuscripts/Dissertations |
| Classification part | TX 911.3.M27 H43 2022 |
| Call number prefix | UM |
| Withdrawn status | Lost status | Source of classification or shelving scheme | Damaged status | Not for loan | Collection code | Home library | Current library | Shelving location | Date acquired | Coded location qualifier | Total Checkouts | Full call number | Barcode | Date last seen | Copy number | Price effective from | Koha item type |
|---|---|---|---|---|---|---|---|---|---|---|---|---|---|---|---|---|---|
| Library of Congress Classification | Thesis/Manuscript/Dissertation | Cavite State University - CCAT Campus | Cavite State University - CCAT Campus | TH | 09/24/2025 | UM | UM TX 911.3.M27 H43 2022 | T0005571 | 01/16/2026 | 1 | 01/16/2026 | Thesis/Manuscripts/Dissertations |
